Movies Quiz

Random Movies or Box Office Quiz

2000s Box Office Hits (U.S.) Quiz Stats

 Plays Quiz not verified by Sporcle

Support Sporcle.
Go Orange.
Score 0/20 Timer 07:00
0 Plays Today
Rank Movie % Correct
1Avatar
96.2%
2The Dark Knight
86.4%
4Spider-Man
74.2%
7Spider-Man 2
72%
13Harry Potter and the Sorcerer's Stone
72%
6The Lord of the Rings: The Return of the King
70.5%
10The Lord of the Rings: The Two Towers
68.2%
17Spider-Man 3
66.7%
3Shrek 2
65.2%
12Finding Nemo
59.8%
Rank Movie % Correct
14The Lord of the Rings: The Fellowship of the Ring
59.1%
5Pirates of the Caribbean: Dead Man's Chest
58.3%
16Pirates of the Caribbean: The Curse of the Black Pearl
57.6%
18Shrek the Third
56.1%
19Transformers
47.7%
11Transformers: Revenge of the Fallen
42.4%
9Star Wars: Episode III - Revenge of the Sith
40.9%
15Star Wars: Episode II - Attack of the Clones
36.4%
20The Matrix Reloaded
25.8%
8The Passion of the Christ
14.4%

You're not logged in!

Compare scores with friends on all Sporcle quizzes.
OR
Log In

From the Vault

Progressively Smaller Movies IV

by strokes_static

These might not be the movies you're looking for.
Remove Ads.
Support Sporcle.
Get the best of Sporcle when you Go Orange. This ad-free experience offers more features, more stats, and more fun while also helping to support Sporcle. Thank you for becoming a member.

Show Comments

Extras

Created Feb 17, 2011ReportNominate
Tags:Box Office Quiz, 2000s

Top Quizzes Today


Score Distribution

Your Account Isn't Verified!

In order to create a playlist on Sporcle, you need to verify the email address you used during registration. Go to your Sporcle Settings to finish the process.

Report this User

Report this user for behavior that violates our Community Guidelines.

Details: